000 00376 a2200169 4500
001 188413
020 _a85-249-1042-9
040 _cMagnum
100 _aSzéliga, Marcia
240 1 0 _aDel cielo al cielo volverás
_lESP
245 1 0 _aDel cielo al cielo volverás
300 _a48
362 0 _a2004
440 1 _aCortez
697 _aLITERATURA ESPANHOLA
942 _cBK
999 _c188413
_d188413